Central Library OPAC University of Rajshahi

Alienation: Marx's conception of man in capitalist society / (Record no. 2222)

MARC details
000 -LEADER
fixed length control field 00947cam a2200301 4500
001 - CONTROL NUMBER
control field 2222
003 - CONTROL NUMBER IDENTIFIER
rucl marc code BD-RjUL
005 - DATE AND TIME OF LATEST TRANSACTION
control field 20211208233515.0
008 - FIXED-LENGTH DATA ELEMENTS--GENERAL INFORMATION
fixed length control field 131210r19731971enk b 001 0 eng d
020 ## - INTERNATIONAL STANDARD BOOK NUMBER
International Standard Book Number 052108086X
035 ## - SYSTEM CONTROL NUMBER
System control number (BD-RjUL)2249
040 ## - CATALOGING SOURCE
Original cataloging agency DLC
Transcribing agency DLC
Modifying agency DLC
-- BD-RjUL
Language of cataloging eng
041 ## - LANGUAGE CODE
Language code of text/sound track or separate title eng
082 00 - DEWEY DECIMAL CLASSIFICATION NUMBER
Classification number 301.62
Author mark and year OLA 1973
100 1# - MAIN ENTRY--PERSONAL NAME
Personal name Ollman, Bertell.
9 (RLIN) 7244
245 10 - TITLE STATEMENT
Title Alienation: Marx's conception of man in capitalist society /
Statement of responsibility, etc. by Bertell Ollman
260 ## - PUBLICATION, DISTRIBUTION, ETC. (IMPRINT)
Place of publication, distribution, etc. Cambridge [Eng.] :
Name of publisher, distributor, etc. University Press,
Date of publication, distribution, etc. 1971 [reprinted 1973].
300 ## - PHYSICAL DESCRIPTION
Pagination xvi, 325 p. ;
Size 23 cm.
490 0# - SERIES STATEMENT
Series statement Cambridge studies in the history and theory of politics
504 ## - BIBLIOGRAPHY, ETC. NOTE
Bibliography, etc Includes index.
Bibliography, etc Bibliography: p. 310-313.
600 10 - SUBJECT ADDED ENTRY--PERSONAL NAME
Personal name Marx, Karl,
Dates associated with a name 1818-1883.
650 #0 - SUBJECT ADDED ENTRY--TOPICAL TERM
Topical term or geographic name as entry element Alienation (Social psychology)
9 (RLIN) 7245
Topical term or geographic name as entry element Communism and society.
9 (RLIN) 3178
942 ## - ADDED ENTRY ELEMENTS (KOHA)
Source of classification or shelving scheme Dewey Decimal Classification
Koha item type Books
Holdings
Lost status Source of classification or shelving scheme Damaged status Not for loan Collection code Permanent Location Current Location Shelving location Date acquired Source of acquisition Cost, normal purchase price Total Checkouts Full call number Date last seen Copy number Koha item type
  Dewey Decimal Classification   Not For Loan Non-fiction Central Library, University of Rajshahi Central Library, University of Rajshahi Reading Room 03/06/1975 Johnathan wren & co. 1.80   301.62 OLA 1973 10/12/2013 C-1 Books